Football - Les 10 plus gros transferts (2018-2019) - Statistiques

Statistiques générales
  • Ce quiz a été pris 104 fois
  • Le résultat moyen est 6 sur 10
Statistiques - réponses
Rang Club Précédent Nouveau Club Montant Joueur % Correct
1 Monaco Paris SG 180 000 000 € Kylian Mbappe
100%
2 Real Madrid Juventus 117 000 000 € Cristiano Ronaldo
98%
4 Monaco Atletico Madrid 72 000 000 € Thomas Lemar
81%
5 Leicester City Manchester City 67 800 000 € Riyad Mahrez
71%
7 AS Roma Liverpool 62 500 000 € Alisson
59%
3 Athletic Bilbao Chelsea 80 000 000 € Kepa Arrizabalaga
51%
8 Leipzig Liverpool 60 000 000 € Naby Keita
45%
6 Borussia Dortmund Chelsea 64 000 000 € Christian Pulisic
40%
9 Chakhtar Donetsk Manchester United 59 000 000 € Fred
37%
10 Napoli Chelsea 57 000 000 € Jorginho
33%
Aucun quiz correspondant
Distribution des résultats
% des personnes avec chaque résultat
Percentile par nombre de réponses
Votre historique - résultats
Vous n’avez pas pris ce quiz